Normal view
MARC view
Entry Personal Name
001 - CONTROL NUMBER
- control field: 59424
003 - CONTROL NUMBER IDENTIFIER
- control field: OSt
005 - DATE AND TIME OF LATEST TRANSACTION
- control field: 20260223144723.0
008 - FIXED-LENGTH DATA ELEMENTS
- fixed length control field: 260223|| aca||aabn | a|a d
040 ## - CATALOGING SOURCE
- Original cataloging agency: OSt
- Transcribing agency: OSt
100 ## - HEADING--PERSONAL NAME
- Personal name: Wilson, N.E., Hankinson, M. Magazinnik, A. and Sands, M.
670 ## - SOURCE DATA FOUND
- Source citation: Work cat.: (OSt)528052: Wilson, N.E., Hankinson, M. Magazinnik, A. and Sands, M. , Inaccuracies in low income housing geocodes: When and why they matter
